Statistics for Most Difficult Foreign Languages For English Speakers To Learn

Click here to take the quiz!

General Stats

  • This quiz has been taken 398 times
    (348 since last reset)
  • The average score is 5 of 10

Answer Stats

Answer % Correct
Chinese
97%
Japanese
90%
Arabic
86%
Korean
78%
Finnish
46%
Hungarian
42%
Polish
36%
Icelandic
25%
Basque
14%
Navajo
10%

Score Distribution

Percentile by Number Answered

Percent of People with Each Score

Your Score History

You have not taken this quiz since the last reset